00246nam a2200109Ia 4500008004100000041001200041082001100053100001500064245004400079260000600123650000700129221030s9999 xx 000 0 und d aEnglish a105.23 aC. Trepper 0aE- Commerce - Strategiescby C. Trepper c0 aMb